| 000 | 01194cam a2200325 i 4500 | ||
|---|---|---|---|
| 001 | 17987897 | ||
| 003 | PILC | ||
| 005 | 20150805090438.0 | ||
| 008 | 140103t20142014nyua f 001 0 eng | ||
| 010 | _a 2013045566 | ||
| 020 | _a9780071743693 (alkaline paper) | ||
| 020 | _a0071743693 (alkaline paper) | ||
| 040 |
_aDLC _beng _cDLC _erda _dDLC |
||
| 042 | _apcc | ||
| 050 | 0 | 0 |
_aQA 76.76.A65 _b.A38 2014 |
| 082 | 0 | 0 | _a004.6/54 |
| 100 | 1 | _aAjvaz, Vladimir. | |
| 245 | 1 | 0 |
_aOracle Fusion applications development and extensibility handbook / _cVladimir Ajvaz, Anil Passi, Dhaval Mehta. |
| 260 |
_aNew York : _bMcGraw-Hill Education, _c2014. |
||
| 300 |
_axxi, 518 pages : _billustrations ; _c23 cm |
||
| 500 | _aIncludes index. | ||
| 630 | 0 | 0 |
_aOracle Fusion applications _vHandbooks, manuals, etc. |
| 650 | 0 |
_aApplication software _xDevelopment _vHandbooks, manuals, etc. |
|
| 650 | 0 |
_aBusiness _xComputer programs _vHandbooks, manuals, etc. |
|
| 700 | 1 | _aPassi, Anil. | |
| 700 | 1 | _aMehta, Dhaval. | |
| 906 |
_a7 _bcbc _corignew _d1 _eecip _f20 _gy-gencatlg |
||
| 942 |
_2lcc _cBK _kFOR |
||
| 999 |
_c288320 _d288320 |
||